1066 1330 1009 1738 1167 1879 1837 1374 1539 1270 1359 1484 1599 1041 1265 1824 1767 1149 1173 1552 1109 1161 1631 1800 1748 1866 1731 1408 1359 1931 1977 1957 1909 1519 1993 1422 1502 1048 1119 1302 1920 1975 1518 1980 1831 1501 1666 1551 1563 1657 1141 1658 1663 1777 1556 1649 1246 1125 1005 1641 1015 1643 1599 1256 1263 1717 1993 1049 1081 1437 1905 1112 1710 1916 1342 1550 1699 1039 1386 1459 1208 1055 1551 1856 1931 1270 1379 1987 1620 1804 1459 1320 1547 1455 1654 1584 1090 1062 1744 BCNSPRNW ULIB Ver.6.0+V

เปลี่ยนเป็นภาษาไทย

Change to English
 แสดงรายละเอียดบรรณานุกรม
  กลับหน้าหลัก

Brief Record : Get Marc (ISO 2709) : E-mail record : QR code < ปิดหน้าต่าง
LEADER : 00000nam 2200000uu 4500
001    13399122686
003     ULIB
008    130828s2012||||th 000 0 eng d
020    ^a9781111309367
060 04 ^aWR100^bL479s 2012
100 1  ^aLees, Mark
245 10 ^aSkin care :^bbeyond the basics /^cMark Lees
250    ^a4th ed.
260    ^aAustralia :^bCengage Learning,^cc2012
300    ^axii, 514 p. :^bcol. ill. ;^c28 cm.
505 0  ^a1. Advanced Anatomy & Physiology of the Skin. -- 2.Hygien and Sterilization Techniques.-- 3. The Immune System.-- 4.Communicable Diseases.-- 5. Hormones.--6. Skin Analysis. -- 7. Recognize and Refer Medical Conditions.-- 8. Essential Knowledge of Chemistry. -- 9. Cosmetic Chemistry and Functional Ingredients. -- 10. Performance Ingredients and Active Ingredients. -- 11. Skin Care Products. -- 12. Claims in Cosmetics. -- 13. Sensitive Skin, Allergies, and Irritants. -- 14. Rosacea. -- 15. Acne and the Esthetician. -- 16. Cosmodogenicity. -- 17. Extraction. --18. The Intrinsic Aging Process. -- 19. Sun and Sun Damage. -- 20. The New Science of Aging Skin Treatment. --21. Chemical Peeling and Exfoliation Procedures. -- 22. Plastic and Cosmetic Surgery: Treating the Patient. -- 23.Cosmetic Medicine and Medical Relations. -- 24. The Scientific Approach.
520    ^aThis all new edition of Skin Care: Beyond the Basics builds upon the strong reputation of its predecessors as an outstanding resource for the advanced esthetics student and professional. Using plain language, it explains real-world scenarios and profiles what estheticians will experience when they are practicing in the clinic environment. Detailed information on subjects such as acne,sensitive skin, cosmetic ingredients and clinical management of aging skin is included. The subject matter is presented in a direct manner which leads to proven understanding in the classroom and positive client outcomes in the student clinic. This book is a must-have resource for future and existing professional estheticians, and will remain a trusted reference tool throughout your career.
650  0 ^aSkin^xCare and hygiene
650  0 ^aSelf-care, Health
650  2 ^aSkin Care
650  2 ^aSkin
650  2 ^aCosmetic Techniques
650  2 ^aCosmetics
650  2 ^aSkin Diseases
945    ^p0^l0^i033947
999    ^aเกษร โพธิ์สุวรรณ
รายการนี้ยังไม่มีแท็ก
คุณยังไม่ได้ล็อกอิน คุณสามารถมีกิจกรรมร่วมกับเว็บไซต์ได้ แต่ต้องล็อกอินก่อน ::
  ล็อกอิน

รายการสื่อสารสนเทศ

ลำดับที่ ประเภท เลขเรียก/บาร์โค้ด สถานที่ สถานะ
1. วิทยาศาสตร์การแพทย์ และสุขภาพ
วิทยาศาสตร์การแพทย์ และสุขภาพ
WR100 L479s 2012  
  Barcode: 033947
ห้องสมุดวิทยาเขตสวรรค์ประชารักษ์
►หนังสือทั่วไป
บนชั้น

รายการใกล้เคียง
    หัวเรื่อง [Skin]
    หัวเรื่อง [Skin Diseases]

BibComment


ยังไม่เคยถูกคอมเมนท์

คอมเมนท์ทรัพยากรรายการนี้
  คอมเมนท์: Skin care beyon..


 Copyright 2026. Bcnsprnw @Library